000 00614nam a2200181Ia 4500
008 151202s9999||||xx |||||||||||||| ||und||
082 _bPNVM-44622
100 _aपाडगावकर मंगेश.
245 _aज्युलियस सीझर.
260 _b"मौज प्रकाशन गृह,पुणे."
260 _c2002
300 _a223
600 _aपाडगावकर मंगेश.
630 _aज्युलियस सीझर.
700 _aपाडगावकर मंगेश.
730 _aज्युलियस सीझर.
942 _cBOOK
999 _c1310574
_d1310571